| 000 | 00332nam a2200109Ia 4500 | ||
|---|---|---|---|
| 008 | 200302s9999 xx 000 0 und d | ||
| 100 | _aGina Tsarouhas | ||
| 245 | _aThe Master Architect series Morphogenesis the Indian perspective the global context | ||
| 260 | _bImages Publishing Group Pvt,. Ltd., | ||
| 260 | _c2016 | ||
| 300 | _a219 | ||
| 999 |
_c6062 _d6062 |
||